000 01327nam a2200325 i 4500
001 186068
003 SpMaBN
005 20250804011348.0
008 160906s1988 sp |||| |dspa d
020 _a84-206-0342-2
080 _a27 Strauss, David Friedrich
080 _a1 Schopenhauer, Arthur
080 _a78 Wagner, Richard
080 _a930:37
100 1 _aNietzsche, Friedrich,
_d1844-1900
_985718
245 1 0 _aConsideraciones intempestivas.
_n1,
_pDavid Srauss, el confesor y el escritor (y fragmentos póstumos) /
_cFriedrich Nietzsche ; introducción, traducción y notas de Andrés Sánchez Pascual.
246 3 0 _aDavid Srauss, el confesor y el escritor
_b(y Fragmentos póstumos)
260 _aMadrid :
_bAlianza Editorial,
_c[1988]
300 _a1 v. (330 p.) ;
_c18 cm.
490 1 _aEl libro de bolsillo ;
_v1342.
_aClásicos
504 _aReferencias bibliográficas.
600 1 7 _aStrauss, David Friedrich.
_9108397
600 1 4 _aSchopenhauer, Arthur,
_d1788-1860
_9240710
600 1 4 _aWagner, Richard,
_d1813-1883
_9240522
650 7 _aHistoria-
_xEnseñanza.
_9141188
700 1 _aSánchez Pascual, Andrés.
_9102833
830 0 3 _aEl libro de bolsillo.
_pClásicos
_v1342.
_9179723
852 _aES-MaACL
_jL-30633
_z. - Donat. Miguel A. Velasco
999 _c186068
_d186068